000 00790nam a2200253Ia 4500
003 OSt
005 20220925181850.0
006 a|||||r|||| 00| 0
007 ta
008 220923b |||||||| |||| 00| 0 eng d
020 _a0226707288
037 _cGeneral Book
040 _aRTL
_cRTL
_beng
041 _2eng
_aeng
082 _aY5934:34.252EC.N8, M8
100 _aRaheja Gloria Goodwin
_9137512
245 0 _aPoison in the gift
_b Ritual prestation and the dominant caste in a North Indian village
260 _aChicago
_bUniversity of Chicago
_c1988
300 _axiv, 286p
_ccm.
500 _aBibliography: P 271-78
650 _aUntouchables
942 _hY5934:34.252EC.N8, M8
_cGB
_2CC
999 _c500546
_d500546